Assessment of water quality parameters, biomaginfication studies of selected heavy metals and characterization of solid wastes in Sungai Pencala /
Saved in:
| Main Author: | |
|---|---|
| Format: | Thesis Book |
| Language: | English |
| Published: |
2010.
|
| Subjects: | |
| Online Access: | http://studentsrepo.um.edu.my/id/eprint/4356 |
| Tags: |
Add Tag
No Tags, Be the first to tag this record!
|
| LEADER | 01231cam a2200301 a 4500 | ||
|---|---|---|---|
| 001 | u796936 | ||
| 003 | SIRSI | ||
| 005 | 201009151459 | ||
| 008 | 100915s2010 my a t 000 0 eng m | ||
| 040 | |a UMM | ||
| 043 | |a a-my-se | ||
| 090 | |a QD3 |b UM 2010 Pra | ||
| 100 | 1 | |a Praba, N. Lakshmi. | |
| 245 | 1 | 0 | |a Assessment of water quality parameters, biomaginfication studies of selected heavy metals and characterization of solid wastes in Sungai Pencala / |c N. Lakshmi Praba. |
| 260 | |c 2010. | ||
| 300 | |a xxii, 191, [30] leaves : |b ill. ; |c 30 cm. | ||
| 502 | |a Dissertation (M.Sc.) -- Jabatan Kimia, Fakulti Sains, Universiti Malaya, 2010. | ||
| 504 | |a Bibliography: leaves 182-191. | ||
| 650 | 0 | |a Heavy metals |x Bioaccumulation |z Selangor. | |
| 650 | 0 | |a Water |x Pollution |z Selangor. | |
| 650 | 0 | |a Sewage disposal |z Selangor. | |
| 650 | 0 | |a Water quality |z Selangor. | |
| 710 | 2 | |a Universiti Malaya. |b Jabatan Kimia. | |
| 856 | 4 | 1 | |u http://studentsrepo.um.edu.my/id/eprint/4356 |
| 900 | |a NAR-ZA | ||
| 596 | |a 1 25 | ||
| 999 | |a QD3 UM 2010 PRA |w LC |c 1 |i A514476632 |d 2/10/2017 |e 2/10/2017 |f 17/3/2011 |g 1 |l STACKS |m P01UTAMA |n 7 |r Y |s Y |t TESIS |u 15/3/2011 | ||
| 999 | |a QD3 UM 2010 PRA |w LC |c 1 |i A514476663 |l STACKS |m P25UMARCHI |r Y |s Y |t CD |u 10/6/2015 |1 STEM | ||
